[Event "Prague Festival Challengers 2019"]
[Site "Prague"]
[Date "2019.03.11"]
[Round "6.4"]
[White "Paravyan, David"]
[Black "Krejci, Jan"]
[Result "1/2-1/2"]
[WhiteElo "2627"]
[BlackElo "2570"]
[Annotator "TA"]
[PlyCount "120"]
[EventDate "2019.03.06"]
[EventType "tourn"]
[EventCountry "CZE"]
[SourceTitle "playchess.com"]
[Source "ChessBase"]
[SourceQuality "1"]

{[%evp 11,120,13,23,17,27,14,21,25,29,31,30,22,28,14,25,10,27,27,22,17,9,6,6,0,30,25,41,21,35,-59,-29,-29,-29,-29,-36,-42,-36,-35,-31,-37,-38,-108,8,25,17,-94,24,0,0,0,0,-196,-195,-194,-195,-194,-194,-194,-179,-211,-217,-361,-31,-21,0,0,0,-22,-22,-23,-23,-37,-37,-37,-37,-53,-52,-52,-53,-55,-55,-79,-63,-63,-63,-63,-63,-63,-63,-70,-36,-44,-8,-64,-8,-8,-8,-8,-8,-8,-8,-8,-8,-8,-8,-8,-8,-8,-8,-8,-8]} 1. e4 e5 2. Nf3 Nc6 3. Bc4 Bc5 4. O-O Nf6 5. d3 d6 6. c3 a6 7. a4 {C54: Giuoco Piano: 4 c3 Nf6, main lines with 5 d4 and 5 d3} Ba7 (7... O-O 8. Bg5 h6 9. Bh4 g5 10. Bg3 Ba7 11. Nbd2 Nh7 12. h3 h5 13. d4 h4 14. Bh2 g4 15. hxg4 Bxg4 16. dxe5 dxe5 {1-0 (45) Duda,J (2738)-Kramnik,V (2777) Wijk aan Zee 2019}) 8. Re1 h6 9. Nbd2 {[%cal Bb1d2,Bd2f1,Bf1g3][%mdl 32]} Be6 10. Bxe6 fxe6 11. Nf1 O-O 12. Ng3 $146 ({Predecessor:} 12. b4 Nh5 13. Be3 Bxe3 14. Rxe3 {0-1 (41) Svetushkin,D (2563)-Nikolov,M (2561) Achaia 2017}) 12... Qd7 13. h3 Rf7 14. b4 Raf8 15. b5 Ne7 16. bxa6 bxa6 17. d4 exd4 18. cxd4 Ng6 19. Be3 Nh7 20. Qe2 ({Better is} 20. d5 $14 Bxe3 21. Rxe3) 20... Rxf3 21. gxf3 Ng5 22. Bxg5 $1 (22. Qxa6 $2 Nxf3+ 23. Kf1 Bxd4 $17) 22... hxg5 23. Red1 Nf4 24. Qf1 e5 25. dxe5 Nxh3+ 26. Kh2 (26. Kg2 $1 $15 Nf4+ 27. Kg1) 26... g4 (26... Rxf3 $17 27. Qc4+ Kh7) 27. Qc4+ $11 Kh7 28. exd6 ({Not} 28. Qxa6 $2 Bxf2 29. Nf5 Nf4 $19) (28. Nf5 $11 Qe8 29. Rh1 (29. exd6 $2 Nxf2 30. Kg2 Nxd1 $19) (29. Qxc7 Rxf5 30. Qxa7 Qxe5+ 31. f4 Qxf4+ {[%mdl 64] Double Attack} 32. Kg2 Qf3+ 33. Kh2 Nf4 34. Qxg7+ Kxg7 35. exf5 Qg2#) (29. fxg4 Nxf2 {[%mdl 64] Double Attack} 30. Rh1 Nxh1 $11)) 28... Nxf2 (28... Bxf2 $17 29. Nh5 (29. dxc7 Bxg3+ 30. Kxg3 Rxf3+ 31. Kg2 Rf2+ 32. Kg3 Qe7 $19) (29. Nf5 Nf4 $19) 29... cxd6) 29. Rd5 gxf3 30. Rh5+ Kg6 31. Rf1 $2 (31. Qxc7 $11 Ng4+ 32. Kh1 Nf2+ 33. Kh2 Ng4+ 34. Kh3 Nf2+ {[%mdl 64] Discovered Attack (Double check)} 35. Kh2) 31... Ng4+ $19 32. Kh1 {[#]} Ne3 $1 {[%cal Re3c4]} 33. Qxa6 Qxd6 34. Qxd6+ cxd6 35. Rf2 {[#]} Ng4 $1 {[%mdl 1024] Black has strong compensation.} 36. Rd2 (36. Rf1 {was the only defense.}) 36... Nf2+ $2 (36... Rc8 $19 {( -> ...Rc1+)} 37. Rxd6+ Kf7 38. Rf5+ Ke7 39. Rxf3 Kxd6) 37. Kh2 $15 Ng4+ 38. Kh3 Nf2+ 39. Rxf2 Bxf2 $11 {[%mdl 4096] Endgame KRB-KRN} 40. Rf5 Ra8 41. Rxf3 Bc5 42. Nf5 Rxa4 43. Rg3+ Kf6 44. Nxg7 Rxe4 45. Nh5+ Kf5 46. Rd3 Re1 47. Rd5+ Ke4 48. Nf6+ Kf4 49. Nh5+ Kf3 {[%cal Re1h1]} 50. Rf5+ Ke3 51. Rd5 Rf1 {next ...Ke4 is good for Black.} 52. Ng3 (52. Kg4 $1 $11) 52... Rf6 ({Black should play} 52... Rf4 $15) 53. Kg4 {The position is equal.} Rf4+ 54. Kg5 Rf8 {With the idea ...Kf3.} 55. Kg4 Rg8+ (55... Ba3 {looks sharper.} 56. Rf5 Rg8+ 57. Rg5 Ra8 58. Rd5 Bc5) 56. Rg5 $1 {[%cal Rg5g8]} Rxg5+ 57. Kxg5 d5 {aiming for ...Kf3.} 58. Kf6 d4 {Threatens to win with ...d3.} 59. Nf5+ $1 Ke4 {White must now prevent ...d3.} 60. Nxd4 $1 Bxd4+ {Accuracy: White = 44%, Black = 40%.} (60... Kxd4 $2 61. Ke6 $19) 1/2-1/2

[Event "Prague Festival Challengers 2019"]
[Site "Prague"]
[Date "2019.03.11"]
[Round "6.5"]
[White "Praggnanandhaa, R."]
[Black "Shirov, Alexei"]
[Result "1-0"]
[WhiteElo "2532"]
[BlackElo "2667"]
[Annotator "TA"]
[PlyCount "119"]
[EventDate "2019.03.06"]
[EventType "tourn"]
[EventCountry "CZE"]
[SourceTitle "playchess.com"]
[Source "ChessBase"]
[SourceQuality "1"]

{[%evp 15,119,35,36,37,43,39,70,78,92,85,149,158,167,162,166,154,175,172,162,134,150,136,149,115,181,173,172,188,179,187,180,182,230,141,126,36,95,62,193,183,192,145,186,133,167,171,178,168,225,179,202,0,215,195,308,300,321,334,286,219,270,0,224,0,269,204,207,204,203,191,190,173,190,150,151,154,166,76,117,77,106,105,197,197,197,197,182,189,386,383,597,587,619,619,616,572,489,470,29970,29972,12309,8445,29974,29974,29993,29994]} 1. e4 e5 2. Nf3 Nc6 3. Bc4 Bc5 4. c3 Nf6 5. d3 O-O 6. O-O d5 7. exd5 Nxd5 8. Re1 Bg4 9. Nbd2 {C54: Giuoco Piano: 4 c3 Nf6, main lines with 5 d4 and 5 d3} Bb6 (9... Nb6 10. h3 Bh5 11. Bb3 Kh8 12. Ne4 Bd6 13. g4 Bg6 14. d4 exd4 15. Nxd4 Nxd4 16. Qxd4 Be7 {1-0 (48) Giri,A (2783)-Inarkiev,E (2693) St Petersburg 2018}) 10. a4 a6 $146 ({Predecessor:} 10... Bh5 11. Ne4 f6 12. b4 a6 13. Bd2 Kh8 14. h3 Nce7 15. Rb1 a5 16. b5 c5 17. bxc6 bxc6 18. Ng3 Bf7 {½-½ (18) Ruefenacht,M (2460)-Rost,D (2463) ICCF email 2013}) 11. Ne4 {White is slightly better.} f6 12. d4 {Black must now prevent dxe5.} Kh8 (12... Bxf3 $142 13. Qxf3 Kh8) 13. dxe5 $16 Bxf3 14. gxf3 Nce7 15. exf6 gxf6 16. a5 Ba7 17. Ng3 Rg8 18. f4 c6 19. Bd3 Qd7 (19... Ng6 $16) 20. c4 $1 $18 {[%cal Rc4d5]} Nb4 21. Be4 Rad8 22. Qxd7 Rxd7 23. Ra4 Bc5 24. b3 Bd4 25. Re2 (25. Rxb4 $6 Bc3 $14) (25. Ba3 $16 c5 26. Kf1 (26. Bxb4 cxb4 27. Ra2 h5 $14)) 25... c5 (25... Bc3 $14 26. Kg2 Ng6) 26. Kg2 Nec6 ({Black should try} 26... f5 $14 27. Bb1 Nbc6) 27. Bd2 $1 Rgd8 28. Be1 Rg7 29. h3 ({White should play} 29. Kf3 $18) 29... Rgd7 30. Kf1 Kg7 31. Nf5+ Kf7 (31... Kh8 $142 32. Rd2 Re8) 32. Rd2 Re8 33. Re2 Red8 $1 34. h4 Kf8 (34... h5 {was called for.} 35. f3 Kg8 36. Rg2+ Kf8) 35. h5 Rc7 36. h6 Kf7 37. Ng7 Re7 38. Nf5 $2 ({Don't do} 38. Bxh7 $6 Rxe2 39. Kxe2 Bb2 $16) (38. f3 $18) 38... Red7 $2 (38... Rc7 $1 $11 {and Black stays safe.}) 39. Ng7 Re7 $1 40. f5 ({Resist} 40. Bxh7 $6 Rxe2 41. Kxe2 Bb2 $18) 40... Be5 {[#]} 41. f4 $1 {[%mdl 576] Decoy} Bxf4 42. Ne6 Rxe6 43. fxe6+ {[%mdl 64] Discovered Attack} Ke7 44. Bc3 Rd1+ 45. Re1 Rd8 46. Bxh7 (46. Ke2 $18) 46... Bxh6 47. Be4 Bd2 48. Bxb4 $1 Bxb4 {[#]} (48... Nxb4 $16 49. Rd1 Rd4) 49. Re3 $1 Rd1+ 50. Kg2 Rd2+ {[#]} 51. Kh3 $1 Nxa5 $2 (51... Rd8 52. Ra2 Bd2) 52. Bd5 Rb2 (52... Rc2 $142 53. Ra1 Rc3 54. Rxc3 Bxc3) 53. Ra1 Bd2 54. Rg3 Rxb3 55. Rxb3 Nxb3 {KRB-KBN} 56. Rb1 Nd4 (56... Na5 $18 57. Kg4 (57. Bxb7 Nxb7 58. Rxb7+ Kxe6 $11) 57... Ke8) 57. Rxb7+ Ke8 58. Kg4 f5+ 59. Kh5 Be1 60. e7 {Accuracy: White = 66%, Black = 31%.} 1-0

[Event "Prague Festival Challengers 2019"]
[Site "Prague"]
[Date "2019.03.12"]
[Round "7.1"]
[White "Shirov, Alexei"]
[Black "Ju, Wenjun"]
[Result "1-0"]
[WhiteElo "2667"]
[BlackElo "2580"]
[Annotator "TA"]
[PlyCount "47"]
[EventDate "2019.03.06"]
[EventType "tourn"]
[EventCountry "CZE"]
[SourceTitle "playchess.com"]
[Source "ChessBase"]
[SourceQuality "1"]

{[%evp 9,47,-6,20,14,32,18,39,27,47,64,40,33,86,47,91,84,139,129,151,159,165,166,162,145,134,139,200,200,192,179,191,198,196,-718,188,188,186,201,409,401]} 1. d4 Nf6 2. c4 e6 3. Nf3 d5 4. g3 Bb4+ 5. Bd2 Bd6 (5... Be7 6. Bg2 O-O 7. O-O c6 8. Qc2 Nbd7 9. Bf4 b6 10. Rd1 Ba6 11. cxd5 cxd5 12. Ne5 Nxe5 13. dxe5 Ng4 14. Bf3 f5 15. exf6 Nxf6 16. Qa4 Bb7 17. Nd2 Qe8 18. Qxe8 Rfxe8 {½-½ (29) Giri,A (2783)-Ding,L (2813) Wijk aan Zee 2019}) 6. Nc3 {E01: Catalan: Early deviations} c6 7. Qc2 O-O 8. e4 {e5 is the strong threat.White is slightly better.} dxe4 9. Nxe4 Nxe4 10. Qxe4 Nd7 (10... c5 $14) 11. Bd3 $16 {[%csl Gd3][%cal Re4h7]} Nf6 12. Qh4 $1 Re8 (12... g6 $142) 13. O-O-O $146 b5 14. c5 ({Much weaker is} 14. cxb5 $6 cxb5 15. Rhe1 Bb7 $11) 14... Bxc5 15. g4 $1 {[%cal Rg4g5]} Bxd4 16. g5 Bxb2+ 17. Kc2 $1 Qd5 (17... g6 $16) 18. gxf6 $40 {[%mdl 128] White is out for blood.} Bxf6 19. Qxh7+ Kf8 20. Bb4+ c5 21. Qh8+ Ke7 {[#]} 22. Qxe8+ $1 {[%mdl 512]} Kxe8 23. Bxb5+ {[%mdl 64] [#] Discovered Attack} Kd8 $2 {[#]} (23... Qd7 $1 {[%mdl 512]} 24. Rxd7 (24. Bxd7+ Bxd7 25. Rxd7 Kxd7 $16) 24... Bxd7 25. Bxd7+ Kxd7) 24. Bc6 $1 {[%mdl 64] Pin. Accuracy: White = 98%, Black = 39%.} ({Not} 24. Rxd5+ exd5 25. Ba5+ (25. Bxc5 Rb8 $14) 25... Ke7 $16) 1-0

[Event "Prague Festival Challengers 2019"]
[Site "Prague"]
[Date "2019.03.12"]
[Round "7.2"]
[White "Krejci, Jan"]
[Black "Praggnanandhaa, R."]
[Result "1-0"]
[WhiteElo "2570"]
[BlackElo "2532"]
[Annotator "TA"]
[PlyCount "93"]
[EventDate "2019.03.06"]
[EventType "tourn"]
[EventCountry "CZE"]
[SourceTitle "playchess.com"]
[Source "ChessBase"]
[SourceQuality "1"]

{[%evp 9,93,15,15,16,22,13,4,22,16,0,6,14,57,20,14,35,71,79,71,78,85,39,114,108,127,139,160,166,158,158,173,172,172,172,169,170,176,174,156,156,164,115,115,118,117,115,168,178,156,168,206,206,230,216,368,364,350,276,319,239,229,229,1317,417,29974,29976,29978,1234,5366,752,1772,722,29975,6243,6187,5181,29972,29965,29978,29979,29983,29984,29984,29985,29986,29987]} 1. Nf3 Nf6 2. g3 b5 3. Na3 a6 4. c4 (4. b3 e6 5. c4 bxc4 6. bxc4 c5 7. Bg2 Bb7 8. Rb1 Bc6 9. O-O Be7 10. d3 O-O 11. Nc2 {½-½ (91) Duda,J (2717)-Georgiev,K (2623) Riadh 2017}) 4... b4 5. Nc2 a5 6. Bg2 {A05: Réti Opening: 1 Nf3 Nf6} Bb7 7. d4 g6 $146 ({Predecessor:} 7... Be4 8. a3 b3 9. Ne3 a4 10. g4 h6 11. Nf5 Nxg4 12. Ng3 Bc2 13. Qd2 Nf6 14. e4 Bxe4 15. Nxe4 Nxe4 {0-1 (40) Zaragatski,I (2502)-Belezky,A (2397) Germany 2017}) 8. O-O {The position is equal.} Bg7 9. b3 Na6 10. Bb2 c5 11. a3 cxd4 12. axb4 (12. Qxd4 Nh5 $17) 12... Nxb4 13. Nxb4 axb4 14. Bxd4 Rb8 15. Ba7 Rc8 ({Better is} 15... Ra8 $14) 16. Qe1 $36 {[%mdl 2048] White is on the roll.} Nh5 17. Qxb4 Bxf3 18. Bxf3 (18. exf3 $6 Bxa1 19. Rxa1 d6 $14) 18... Bxa1 19. Rxa1 O-O 20. Bb6 Qe8 21. Bb7 d6 22. Bxc8 Qxc8 23. c5 dxc5 24. Bxc5 Qe6 25. e3 Nf6 26. Qb7 Re8 27. Bd4 h5 (27... Qe4 $16 28. Ra7 Qxb7 29. Rxb7 e5) 28. Ra8 $18 Rxa8 29. Qxa8+ Kh7 30. Bxf6 $1 exf6 {[%mdl 4096] Endgame [#] KQ-KQ} 31. Qa4 $1 g5 $2 (31... Kg7 32. Kg2 Kf8) 32. Qc4 {Strongly threatening Qxe6.} Qd7 33. b4 {[%cal Bb3b4,Bb4b5,Bb5b6,Bb6b7][%mdl 32]} Kg7 34. h4 Qd1+ 35. Kg2 g4 $2 (35... gxh4 36. Qxh4 (36. gxh4 Qa4 $16) 36... Qd5+ 37. Kh2 Qf5) 36. Qc6 (36. b5 $142 Qf3+ 37. Kg1) 36... Qb1 (36... Qd3 $18 37. b5 f5) 37. b5 Qb3 38. Qc5 (38. b6 $142 Qb2 39. b7 Qe5 40. Qb6 Qb8 41. Qa6 Qe5 42. Qa7 Qe4+ 43. Kh2) 38... Kg6 39. Kh2 (39. b6 $142 Qe6 40. Qc2+ Kg7 41. Qb2 Qe4+ 42. Kh2) 39... Qb1 40. b6 Qb2 41. e4 (41. Kg2 $142 Qb1 42. Qc6 Kg7 43. b7 Qb3 44. Qc7 Qd5+ {[#]} 45. e4 $1 {[%mdl 512]} (45. Kh2 Qf3 $11) 45... Qxe4+ 46. Kh2) 41... Kg7 42. Kg2 Qb1 43. Qc6 {White mates.} Qb3 44. b7 Qb4 45. Qc7 Qxe4+ 46. Kh2 Qf3 47. Qb6 {Accuracy: White = 64%, Black = 35%.} ({Worse is} 47. b8=Q Qxf2+ 48. Kh1 Qf1+ 49. Kh2 Qf2+ 50. Kh1 Qf3+ 51. Kg1 Qd1+ 52. Kh2 Qe2+ 53. Kh1 (53. Kg1 Qd1+ 54. Kh2 Qe2+ 55. Kh1 Qf1+ 56. Kh2 Qf2+ $11) 53... Qf1+ 54. Kh2 Qf2+ $11) 1-0

[Event "Prague Festival Challengers 2019"]
[Site "Prague"]
[Date "2019.03.12"]
[Round "7.3"]
[White "Michalik, Peter"]
[Black "Paravyan, David"]
[Result "0-1"]
[WhiteElo "2565"]
[BlackElo "2627"]
[Annotator "TA"]
[PlyCount "92"]
[EventDate "2019.03.06"]
[EventType "tourn"]
[EventCountry "CZE"]
[SourceTitle "playchess.com"]
[Source "ChessBase"]
[SourceQuality "1"]

{[%evp 24,92,21,21,18,13,17,29,8,44,37,37,48,41,33,14,53,1,22,0,25,0,12,0,0,-59,-49,-52,-12,-38,0,-17,-12,-16,0,-65,-47,-75,-79,-103,-97,-89,-77,-85,-91,-97,-83,-114,-98,-129,-102,-234,-227,-266,-281,-315,-306,-457,-426,-720,-740,-29975,-29976,-29978,-29979,-29979,-29980,-29980,-29980,-29981,-29982]} 1. e4 c5 2. Nf3 d6 3. d4 cxd4 4. Nxd4 Nf6 5. Nc3 a6 6. Bg5 e6 7. f4 Be7 8. Qf3 Qc7 9. O-O-O Nbd7 10. g4 b5 {[%cal Bb7b5,Bb5b4][%mdl 32]} 11. Bxf6 Nxf6 12. g5 Nd7 13. f5 O-O {Strongly threatening ...b4. B99: Sicilian Najdorf: 6 Bg5 e6 7 f4 Be7 8 Qf3 Qc7 9 0-0-0 Nbd7} 14. Rg1 (14. f6 gxf6 15. gxf6 Nxf6 $17) (14. h4 b4 15. Nce2 Bb7 16. Kb1 Rac8 17. Bh3 e5 18. f6 exd4 19. fxe7 Rfe8 20. Nxd4 Rxe7 21. Nf5 Rxe4 22. Nxd6 Rd4 23. Qxf7+ Kh8 24. Nxc8 {1-0 (24) Sutovsky,E (2683)-Huschenbeth,N (2596) Douglas 2017}) 14... b4 $1 {[%cal Rb4c3]} 15. Nce2 {Black must now prevent f6.} e5 $1 {[%cal Re5d4] White has an edge.} 16. f6 $1 {[%cal Rf6e7]} exd4 17. fxe7 Re8 18. Nxd4 Ne5 19. Qf2 Be6 $146 ({Predecessor:} 19... Rxe7 20. Nf5 Re8 21. Qg3 Be6 22. Nxd6 Re7 23. Nf5 Ree8 24. Nd6 Re7 25. Nf5 Ree8 {½-½ (25) Senzacqua,F (2137)-Pasta,P (2123) ICCF email 2016}) 20. Kb1 (20. Nxe6 $14 fxe6 21. Be2) 20... Qc5 21. Rg2 Rxe7 22. h4 a5 (22... Bg4 {seems wilder.} 23. Be2 Bxe2 24. Qxe2 g6 25. h5 Nc4) 23. Nxe6 fxe6 24. Qd2 (24. Qxc5 $11 dxc5 25. Rgd2) 24... Rf8 25. Be2 Rd7 26. h5 a4 27. h6 g6 28. Qd4 Rf4 29. Rgg1 (29. c3 $11) 29... Kf8 $15 30. Rg3 Ke7 31. a3 Rb7 $1 32. axb4 Rxb4 33. Qxc5 dxc5 34. Rc3 {[#]} c4 $1 ({Don't play} 34... Rfxe4 $6 35. Rxc5 Rxe2 36. Rc7+ Ke8 37. Rc8+ Kf7 38. Rc7+ Ke8 39. Rc8+ Kf7 40. Rc7+ Ke8 $11) 35. Re3 Rf2 36. Ka2 Rb6 37. Rd4 (37. Kb1 $17 {was called for.}) 37... Rd6 $19 38. Rxd6 Kxd6 {[%mdl 4096] Endgame KRB-KRN} 39. Kb1 Kc5 40. Kc1 {[#]} (40. c3 $142) 40... a3 $1 {[%mdl 512]} 41. bxa3 (41. Bd1 $142 Nd3+ 42. cxd3) 41... Kd4 42. Kd2 {[#]} c3+ $1 {[%mdl 512] Black mates.} 43. Rxc3 {[#]} Rxe2+ $1 {[%mdl 576] Deflection} 44. Kxe2 Kxc3 45. a4 Nc4 46. e5 Kxc2 {Accuracy: White = 35%, Black = 69%.} 0-1

[Event "Prague Festival Challengers 2019"]
[Site "Prague"]
[Date "2019.03.12"]
[Round "7.4"]
[White "Anton Guijarro, David"]
[Black "Nguyen, Thai Dai Van"]
[Result "1-0"]
[WhiteElo "2643"]
[BlackElo "2546"]
[Annotator "TA"]
[PlyCount "95"]
[EventDate "2019.03.06"]
[EventType "tourn"]
[EventCountry "CZE"]
[SourceTitle "playchess.com"]
[Source "ChessBase"]
[SourceQuality "1"]

{[%evp 10,95,0,-12,-16,-8,0,0,0,0,0,0,0,0,16,1,8,0,28,23,28,43,59,43,59,59,59,59,50,32,79,80,97,97,97,100,93,93,93,92,98,105,102,83,83,87,116,95,127,133,133,127,126,125,129,124,135,137,141,104,136,135,148,136,151,156,148,153,152,142,242,217,282,289,312,258,325,323,314,277,297,266,260,237,347,333,418,412]} 1. d4 Nf6 2. c4 e6 3. Nc3 Bb4 4. f3 c5 5. d5 O-O 6. e4 b5 {E20: Nimzo-Indian: 4 g3 and 4 f3} (6... d6 7. Bg5 exd5 8. cxd5 Nbd7 9. Bd3 Ne5 10. Nge2 c4 11. Bc2 Bc5 12. Qd2 h6 13. Be3 Qb6 14. Bxc5 Qxc5 {½-½ (68) Mamedyarov,S (2817)-Aronian,L (2765) Kolkata 2018}) 7. Nh3 bxc4 8. Bxc4 exd5 {The position is equal.} 9. Bxd5 Nxd5 10. Qxd5 Ba6 11. Bf4 Nc6 {[%cal Bb8c6,Bc6b4,Bb4d3][%mdl 32]} 12. Kf2 Ba5 $146 ({Predecessor:} 12... Nd4 13. Rhd1 Qb6 {1-0 (48) Berkes,F (2661)-Szabo,G (2563) Heraklio 2017}) 13. Rhd1 Nb4 14. Qd6 Re8 15. Kg1 $1 c4 16. Bg3 $36 {[%mdl 2048] White has good play.} Re6 17. Qxd7 Nd3 18. Qxd8+ Rxd8 19. Rab1 Ree8 20. Nf4 $1 Nxb2 21. Rxd8 Rxd8 22. Nfd5 Nd3 23. Bc7 Bxc7 24. Nxc7 Bc8 25. Rb8 {Black must now prevent N7b5.} Ne5 26. N7b5 Nc6 27. Ra8 g5 28. Nd5 a6 29. Na3 c3 30. Nxc3 Be6 {[#]} 31. Rxd8+ $1 Nxd8 $16 {[%mdl 4096] Endgame KBN-KNN} 32. Kf2 Nc6 33. Nc2 f5 34. a3 Kf7 35. Ke3 f4+ {[#]} 36. Kd3 $1 a5 37. Nd5 Bc8 38. Nc7 Ke7 39. Kc4 Kd6 (39... Ne5+ $16 {was worth a try.} 40. Kc5 Nd3+ 41. Kb5 Kd6) 40. Nb5+ $18 Ke5 41. Kc5 Nd8 42. Ne1 Ne6+ 43. Kb6 a4 44. Nd3+ Kf6 45. e5+ Ke7 46. Nb4 Nf8 (46... Nd8 $142 47. Nd4 Be6) 47. Nd4 Be6 48. Kc7 {Accuracy: White = 91%, Black = 49%.} 1-0

[Event "Prague Festival Challengers 2019"]
[Site "Prague"]
[Date "2019.03.12"]
[Round "7.5"]
[White "Bartel, Mateusz"]
[Black "Stocek, Jiri"]
[Result "0-1"]
[WhiteElo "2600"]
[BlackElo "2592"]
[Annotator "TA"]
[PlyCount "116"]
[EventDate "2019.03.06"]
[EventType "tourn"]
[EventCountry "CZE"]
[SourceTitle "playchess.com"]
[Source "ChessBase"]
[SourceQuality "1"]

{[%evp 9,116,0,15,20,32,0,14,-12,-16,-14,-20,-26,0,-33,-29,-23,-9,-25,0,-25,-2,-41,0,0,0,0,0,0,0,-7,-14,-6,0,-3,0,-25,4,0,0,0,0,0,25,23,90,0,0,-86,-86,-86,-86,-94,-100,-88,-31,-31,-25,-22,-21,-88,-88,-137,-121,-160,-160,-160,-123,-160,-160,-160,-160,-160,-120,-129,-172,-182,-174,-472,-430,-365,-368,-1304,-576,-29972,-29973,-29974,-29975,-29978,-29979,-29978,-29979,-29980,-29981,-29981,-29978,-29978,-29979,-29979,-29980,-29980,-29981,-29981,-29982,-29982,-29983,-29983,-29984,-29984,-29985]} 1. e4 c5 2. Nf3 d6 3. Bb5+ Bd7 4. c4 Nf6 5. Nc3 g6 (5... a6 $5 {[%cal Ra6b5]} 6. Bxd7+ Nbxd7 $11) 6. O-O {B52: Sicilian: Moscow Variation with 3...Bd7} Bg7 7. Re1 O-O 8. h3 $146 {The position is equal.} ({Predecessor:} 8. d4 cxd4 9. Nxd4 Nc6 10. Bxc6 bxc6 11. c5 dxc5 12. Nb3 c4 {0-1 (74) Onischuk,V (2594)-Bukavshin,I (2578) Taganrog 2014}) 8... a6 9. Bxd7 Nfxd7 10. d4 Nc6 {[%cal Rc5d4]} 11. Be3 Qa5 12. a3 cxd4 13. Nxd4 Rac8 14. Nd5 {Strongly threatening Nxc6.} Rfe8 15. b3 Qd8 16. Rb1 e6 {aiming for ...Bxd4.} 17. Nb4 {[%cal Bd5b4,Bb4c2,Bc2e3,Be3g4][%mdl 32] Black should prevent Ndxc6.} Nxd4 18. Bxd4 Ne5 19. Qd2 a5 20. Nc2 a4 21. Ne3 axb3 22. Rxb3 Bh6 23. Rxb7 Nxc4 24. Qd3 Qa5 25. Reb1 Qd2 26. Ng4 Bg7 {[#]} (26... Bg5 $1 $11 27. Qf3 Rf8) 27. Qxd2 (27. Rxf7 $1 $16 {[%mdl 512]} Bxd4 (27... Kxf7 28. Qf3+) 28. Rbb7 $1 {[%mdl 512]} Qc1+ 29. Kh2) 27... Nxd2 $11 28. Bxg7 (28. R1b4 $11) 28... Kxg7 $17 ({Not} 28... Nxb1 $2 29. Bh6 $18) 29. Re1 h5 30. Nh2 Rc4 31. f3 Ra4 ({Better is} 31... Rc2 $17) 32. Nf1 $15 Nxf1 33. Kxf1 Rxa3 {[%mdl 4096] Endgame KRR-KRR} 34. Rc1 (34. Rd7 $11) 34... h4 $17 35. Rcc7 Rf8 36. Ra7 Rxa7 37. Rxa7 {KR-KR} Kf6 38. g3 hxg3 39. Kg2 Ke5 40. Kxg3 f5 41. Ra5+ d5 42. exd5 exd5 43. f4+ $2 (43. Ra6 {was necessary.}) 43... Ke4 $19 44. Ra6 Re8 45. Rxg6 $2 (45. Ra1 Kd3 46. Rd1+ Kc4 47. Rc1+ Kd4 48. Rd1+ Kc4 49. Rc1+ Kb3 50. Rd1) 45... d4 (45... Ke3 $142 46. Kg2 d4) 46. h4 Ke3 {Black mates.} 47. h5 d3 48. h6 d2 49. Rd6 {[#]} Rg8+ $1 50. Kh4 Rg1 51. h7 d1=Q 52. Rxd1 Rxd1 {KR-KPP} 53. Kg5 Rh1 54. Kxf5 Rxh7 55. Kg6 Rh1 56. f5 Rg1+ 57. Kf7 {[#]} Kf4 $1 58. f6 Kf5 {Accuracy: White = 37%, Black = 57%.} 0-1

[Event "Prague Festival Challengers 2019"]
[Site "Prague"]
[Date "2019.03.13"]
[Round "8"]
[White "Shirov, Alexei"]
[Black "Krejci, Jan"]
[Result "1/2-1/2"]
[WhiteElo "2667"]
[BlackElo "2570"]
[Annotator "TA"]
[PlyCount "68"]
[EventDate "2019.03.06"]
[EventType "tourn"]
[EventCountry "CZE"]
[SourceTitle "playchess.com"]
[Source "ChessBase"]
[SourceQuality "1"]

{[%evp 34,68,28,20,19,19,19,29,21,29,19,0,0,0,16,9,0,11,14,4,25,8,0,0,0,-10,0,-9,-9,-9,-11,-8,-9,-9,0,-17,-16]} 1. e4 e5 2. Nf3 Nc6 3. Bb5 a6 4. Ba4 Nf6 5. O-O Be7 6. Re1 b5 7. Bb3 d6 8. c3 O-O 9. h3 Na5 10. Bc2 c5 11. d4 Qc7 12. Nbd2 cxd4 13. cxd4 Nc6 14. Nb3 a5 15. Be3 a4 16. Nbd2 Bd7 17. Rc1 Qb7 18. Qe2 Rfe8 {C99: Closed Ruy Lopez: Chigorin Defence: 11 d4 Qc7 12 Nbd2 cxd4} 19. Bd3 Rab8 20. dxe5 Nxe5 {White has an edge.} 21. Nxe5 dxe5 22. Nf3 Bb4 23. Red1 Bc6 (23... h6 {looks sharper.} 24. a3 Ba5 25. Rc5 Bc7 26. Nh4 Bb6) 24. Bc5 Bxc5 25. Rxc5 Nd7 26. Rc3 Nf8 $146 27. Qc2 Bd7 $1 {The position is equal.} 28. b3 axb3 29. axb3 Rbc8 30. b4 f6 31. Nd2 Rxc3 32. Qxc3 Rc8 33. Qb2 Be8 34. Bb1 Bf7 {Accuracy: White = 66%, Black = 77%.} 1/2-1/2